000 00590nam a2200193 i 4500
001 94305
003 ES-MaACL
005 20230906181440.0
007 t|
008 050427s1901 sp ||||1| spa d
100 1 _aLópez Peláez, Antolín.
_9129216
245 1 4 _aLos escritos de Sarmiento y el siglo de Feijóo /
_cpor Antolín López Pelèz.
260 _aLa Coruña :
_b[s.n.],
_c1901 (
_fTip. de la Casa de Misericordia)
300 _a341 p. ;
_c19 cm.
490 1 _aBiblioteca gallega
830 0 _aBiblioteca gallega
_9180864
852 _aES-MaACL
_jG-8520
999 _c94305
_d94305